آ د بیا سی تہذیب و ثقافت (Record no. 147124)

MARC details
000 -LEADER
fixed length control field 00837nam a22002177a 4500
005 - DATE AND TIME OF LATEST TRANSACTION
control field 20171129124722.0
010 ## - LCCN (DPL NO)
LC control number UR-9883
020 6# - INTERNATIONAL STANDARD BOOK NUMBER
Terms of availability 60.00
035 ## - SYSTEM CONTROL NUMBER
System control number U-8438
037 ## - SOURCE OF ACQUISITION
Source of stock number/acquisition DBAD/PUB
082 ## - DEWEY DECIMAL CLASSIFICATION NUMBER
Classification number 954
100 ## - MAIN ENTRY--PERSONAL NAME
Personal name عبد ا لبا ر ی
245 ## - TITLE STATEMENT
Title آ د بیا سی تہذیب و ثقافت
Statement of responsibility, etc عبد ا لبا ر ی
246 ## - VARYING FORM OF TITLE
Remainder of title
Title proper/short title A'Dibasi Tahzeeb Aur Saqafat:Aik Tarruf
250 ## - EDITION STATEMENT
Edition statement by Abdul Bari
260 ## - PUBLICATION, DISTRIBUTION, ETC. (IMPRINT)
Place of publication, distribution, etc نئی د لی
Name of publisher, distributor, etc Merkazi Maktaba Islami Publishers
Date of publication, distribution, etc 1998
270 ## - ADDRESS
Address 1353,Chitli Qaber ,
City Delhi
Postal code 110006
Telephone number -
Fax number -
300 ## - PHYSICAL DESCRIPTION
Extent 268ص
Dimensions 22 Cm.(B.b)
500 ## - GENERAL NOTE
General note دو حصہ
942 ## - ADDED ENTRY ELEMENTS (KOHA)
Source of classification or shelving scheme Dewey Decimal Classification
Item type Urdu Bks
Classification part 954
Call number suffix ع ب د
Edition
Holdings
Withdrawn status Lost status Not for loan Collection code Home library Current library Date acquired Source of acquisition Cost, normal purchase price Full call number Barcode Copy number Cost, replacement price Koha item type
      Non-fiction Central Library Central Library 02/11/2017 DBAD/PUB. 60.00 954 ع ب د U-8438 1 60.00 Urdu Bks

© Delhi Public Library
Hit Counter
free hit counter